[Event "Marienbad Open IM1 2020"]
[Site "Marianske Lazne"]
[Date "2020.01.21"]
[Round "5.9"]
[White "Michalek, Jan"]
[Black "Tymrakiewicz, Rafal"]
[Result "1/2-1/2"]
[WhiteElo "2251"]
[BlackElo "2254"]
[Annotator "TA"]
[PlyCount "132"]
[EventDate "2020.01.18"]
[EventType "tourn"]
[EventCountry "CZE"]
[SourceTitle "playchess.com"]
[Source "ChessBase"]
[SourceQuality "1"]

{[%evp 13,132,15,27,0,0,-5,0,0,10,10,0,0,0,1,2,0,0,0,2,0,0,0,0,0,0,0,16,0,28,9,45,0,24,0,0,4,15,0,47,-12,-8,-66,-34,-47,-53,-104,-108,-226,-174,-187,-122,-157,-176,-398,-176,-175,-51,-426,-418,-600,-421,-577,-575,-628,-570,-656,-656,-617,-266,-71,0,0,0,0,0,0,80,90,157,0,39,0,0,0,8,-29942,-5622,-5177,6358,0,0,-29979,-29980,-29967,0,-29987,-29987,-29987,-29988,-29988,-29988,-29988,-29962,-5628,0,0,0,0,0,0,0,0,0,0,0,0,0,0,0,0,0]} 1. c4 c6 2. e4 d5 3. exd5 cxd5 4. d4 Nf6 5. Nc3 e6 6. Nf3 Bb4 7. cxd5 exd5 8. Qa4+ {B14: Caro-Kann: Panov-Botvinnik Attack with 5...e6 and 5...g6} (8. Bd3 O-O 9. O-O h6 10. Ne5 Nc6 11. Nxc6 bxc6 12. Bf4 Re8 13. Rc1 Bd6 14. Bg3 Rb8 15. Na4 Bxg3 16. hxg3 Qd6 17. a3 {1-0 (49) Artemiev,V (2709)-Korobov,A (2698) St Petersburg 2018}) 8... Nc6 9. Bb5 Bd7 10. O-O Bxc3 11. bxc3 O-O $1 12. Bg5 h6 13. Bxf6 Qxf6 14. Rfe1 Rfc8 15. Re3 a6 $146 ({Predecessor:} 15... Re8) 16. Bxc6 Qxc6 17. Qa3 Re8 18. Ne5 Qc7 19. Rae1 Be6 20. h3 Rac8 21. Qb3 b5 22. a4 Rb8 23. axb5 Rxb5 24. Qa4 Ra8 25. Ra1 Rab8 26. Rae1 (26. Qxa6 $14 Rb1+ 27. Rxb1 Rxb1+ 28. Kh2) 26... a5 27. Qa1 ({Better is} 27. g4 $11) 27... Rb3 28. Rc1 Bf5 {Threatens to win with ...Rb1.} 29. Ree1 (29. Qa4 $1 $15) 29... f6 $17 30. Nf3 (30. Ng4 $17) 30... Bd3 31. Qa4 R8b5 (31... Rxc3 $19 32. Ra1 Rb5) 32. Re8+ Kh7 33. Ne1 $2 (33. Ree1 {keeps fighting.}) 33... Bg6 (33... Be4 $142 34. Rd1 Rb1) 34. Re3 $19 Qc4 (34... Rb1 $19 35. Rxb1 Rxb1) 35. Qa1 $2 {[%mdl 8192]} (35. Qxc4 $15 dxc4 36. Ra1) 35... a4 36. Kh2 (36. Qa2 $142) 36... Qc7+ 37. g3 a3 38. Ng2 Qc4 39. Rce1 Be4 40. Nf4 Bb1 (40... Rb8 $142 41. h4 Qa6 42. Rxe4 dxe4) 41. Re7 $2 ({White should play} 41. R3e2 $19) 41... a2 {[#]} (41... Rb8 $17 42. Rxb1 Rxb1 43. Qxa3 Rg8) 42. Nh5 $1 $11 {[%mdl 512]} Rb7 {...Rxe7 is the strong threat.} 43. Nxf6+ $1 Kg6 44. Nd7 Rxd7 (44... Kh7 $1 $11 {keeps the balance.}) 45. Rxd7 $16 Qc6 ({Black should try} 45... Qa6) 46. Ree7 (46. Ra7 $1 $16) 46... Qf6 $14 47. f4 {Black must now prevent f5+.} h5 48. Rxg7+ Kh6 {And now ...Qa6 would win.} 49. Rb7 $2 {[%mdl 8192]} (49. Rge7 $11 h4 50. f5 hxg3+ 51. Kg2 Bxf5 52. Qxa2 Be4+ 53. Rxe4 dxe4 54. Qd2+ Kg6 55. Qe3 $1 {[%mdl 512]} (55. Kxg3 Qc6 $11) 55... Qf2+ 56. Qxf2 gxf2 57. Kxf2 Rxc3 58. h4) 49... Qa6 $1 {( -> ...Qe2+)} 50. Rbe7 Qb5 $4 {[%mdl 8192] [#]} (50... Be4 $19 51. c4 Rb1) 51. g4 $2 (51. f5 $1 $18 {[%csl Gf5][%cal Rg7g6]} Qe2+ (51... Bxf5 52. Qc1#) 52. Rxe2 Kxg7 53. h4) 51... hxg4 $11 52. hxg4 $2 {[%mdl 8192] [#]} (52. Rxg4 $11 Qd3 53. Kg1) 52... Rb2+ $1 53. Kg1 Re2 $2 (53... Qb3 {mates} 54. Rh7+ Bxh7 55. g5+ Kg6 56. f5+ Kxf5 57. g6 Rb1+ {[%mdl 64] Double Attack} 58. Re1 Rxa1 59. Rxa1 Qb1+ 60. Rxb1 axb1=Q+ 61. Kf2 Bxg6 62. Kf3 Qf1+ 63. Ke3 Bh5 64. Kd2 Qd1+ 65. Ke3 Qe2#) 54. g5+ $2 {[%mdl 8192]} (54. f5 $11 Rxe7 55. Rxe7) 54... Kh5 55. c4 Qxc4 {[%cal Rc4c1]} 56. Rxe2 Qxe2 {[%mdl 4096] Endgame KQR-KQB} 57. Qc3 Qg4+ 58. Kf2 Be4 $2 (58... Qxf4+ $19 59. Ke1 Qe4+ 60. Kd2 Qg2+ 61. Ke1 Qg1+ 62. Kd2 Qh2+ 63. Ke1 Qh1+ 64. Kf2 Qh4+ 65. Ke2 Qe4+ 66. Kd2 Qg2+ 67. Ke1 Qg1+ 68. Kd2 Qg2+) 59. Ra7 {aiming for Qg3.The position is equal.} Qg2+ 60. Ke1 Qg1+ 61. Ke2 $1 {Threatening mate with Qh3+.} Qg2+ 62. Ke1 Qg1+ 63. Ke2 $1 {White wants to mate with Qh3+.} Qg2+ 64. Ke1 Qg1+ 65. Ke2 $1 {White threatens Qh3+ and mate.} Qh2+ 66. Ke1 Qg1+ {Accuracy: White = 26%, Black = 42%.} 1/2-1/2

[Event "Marienbad Open IM1 2020"]
[Site "Marianske Lazne"]
[Date "2020.01.21"]
[Round "5.10"]
[White "Vagman, Roy"]
[Black "Abhilash, Reddy M.L."]
[Result "1/2-1/2"]
[WhiteElo "2089"]
[BlackElo "2258"]
[Annotator "NA"]
[PlyCount "24"]
[EventDate "2020.01.18"]
[EventType "tourn"]
[EventCountry "CZE"]
[SourceTitle "playchess.com"]
[Source "ChessBase"]
[SourceQuality "1"]
[TimeControl "40/5400+30:1800+30"]

1. e4 {[%emt 0:00:00]} c5 {[%emt 0:00:34]} 2. Nf3 {[%emt 0:00:28]} b6 {[%emt 0:00:05]} 3. c4 {[%emt 0:02:55]} Bb7 {[%emt 0:00:11]} 4. Nc3 {[%emt 0:00:10]} e6 {[%emt 0:00:48]} 5. d4 {[%emt 0:01:14]} cxd4 {[%emt 0:01:08]} 6. Nxd4 {[%emt 0:00:12]} a6 {[%emt 0:00:12]} 7. Be2 {[%emt 0:00:15]} Qc7 {[%emt 0:00:06]} 8. Be3 {[%emt 0:00:34]} Nf6 {[%emt 0:00:16]} 9. f3 {[%emt 0:01:22]} Nc6 {[%emt 0:01:46]} 10. O-O {[%emt 0:01:31]} Bc5 11. Nc2 {[%emt 0:08:09]} Nb4 {[%emt 0:22:54]} 12. Bxc5 {[%emt 0:01:51]} Qxc5+ {[%emt 0:06:12]} 1/2-1/2

[Event "Marienbad Open IM1 2020"]
[Site "Marianske Lazne"]
[Date "2020.01.22"]
[Round "6.6"]
[White "Plischki, Sebastian"]
[Black "Abhilash, Reddy M.L."]
[Result "1/2-1/2"]
[WhiteElo "2387"]
[BlackElo "2258"]
[Annotator "NA"]
[PlyCount "69"]
[EventDate "2020.01.18"]
[EventType "tourn"]
[EventCountry "CZE"]
[SourceTitle "playchess.com"]
[Source "ChessBase"]
[SourceQuality "1"]
[TimeControl "40/5400+30:1800+30"]

1. d4 {[%emt 0:00:00]} d5 {[%emt 0:00:00]} 2. c4 {[%emt 0:00:00]} c6 {[%emt 0:00:00]} 3. Nf3 {[%emt 0:00:00]} Nf6 {[%emt 0:00:00]} 4. Qc2 {[%emt 0:00:06]} g6 {[%emt 0:01:23]} 5. Bf4 {[%emt 0:00:16]} Bf5 {[%emt 0:04:10]} 6. Qb3 {[%emt 0:00:21]} Qb6 {[%emt 0:00:29]} 7. e3 {[%emt 0:00:56]} Bg7 {[%emt 0:00:35]} 8. Nc3 {[%emt 0:00:16]} Qxb3 {[%emt 0:02:39]} 9. axb3 {[%emt 0:00:07]} O-O {[%emt 0:00:05]} 10. c5 {[%emt 0:02:11]} Nbd7 {[%emt 0:03:09]} 11. h3 {[%emt 0:00:31]} Rfe8 {[%emt 0:01:55]} 12. b4 {[%emt 0:00:17]} a6 {[%emt 0:00:17]} 13. Be2 {[%emt 0:04:20]} Ne4 {[%emt 0:18:58]} 14. g4 {[%emt 0:05:52]} Nxc3 {[%emt 0:04:00]} 15. bxc3 {[%emt 0:00:07]} Be4 {[%emt 0:00:09]} 16. O-O {[%emt 0:00:56]} Bxf3 {[%emt 0:08:29]} 17. Bxf3 {[%emt 0:00:14]} e5 {[%emt 0:00:04]} 18. Bg3 {[%emt 0:01:23]} Nf8 {[%emt 0:06:40]} 19. Bg2 {[%emt 0:04:34]} Rad8 {[%emt 0:04:26]} 20. Rfd1 {[%emt 0:03:06]} exd4 {[%emt 0:03:43]} 21. cxd4 {[%emt 0:03:12]} Rc8 {[%emt 0:01:22]} 22. Bd6 {[%emt 0:03:55]} Ne6 {[%emt 0:02:07]} 23. h4 {[%emt 0:07:48]} Nc7 {[%emt 0:04:04]} 24. g5 {[%emt 0:02:32]} Nb5 {[%emt 0:00:19]} 25. Bf4 {[%emt 0:01:49]} f5 {[%emt 0:03:53]} 26. gxf6 {[%emt 0:03:40]} Bxf6 {[%emt 0:00:02]} 27. h5 {[%emt 0:04:12]} g5 {[%emt 0:00:50]} 28. Bg3 {[%emt 0:00:30]} Re7 {[%emt 0:03:36]} 29. Rdc1 {[%emt 0:04:48]} Kg7 {[%emt 0:02:20]} 30. Bh3 {[%emt 0:02:33]} Rce8 {[%emt 0:02:28]} 31. Kg2 {[%emt 0:01:04]} Rf7 {[%emt 0:01:18]} 32. Bg4 {[%emt 0:02:00]} Rfe7 {[%emt 0:00:07]} 33. Bf5 {[%emt 0:01:42]} Kh6 {[%emt 0:00:15]} 34. Ra2 {[%emt 0:06:15]} Rf7 {[%emt 0:00:24]} 35. Bg4 {[%emt 0:00:49]} 1/2-1/2

[Event "Marienbad Open IM1 2020"]
[Site "Marianske Lazne"]
[Date "2020.01.22"]
[Round "6.7"]
[White "Tymrakiewicz, Rafal"]
[Black "Vagman, Roy"]
[Result "0-1"]
[WhiteElo "2254"]
[BlackElo "2089"]
[Annotator "ChessBase"]
[PlyCount "90"]
[EventDate "2020.01.18"]
[EventType "tourn"]
[EventCountry "CZE"]
[SourceTitle "playchess.com"]
[Source "ChessBase"]
[SourceQuality "1"]
[TimeControl "40/5400+30:1800+30"]

1. Nf3 {[%emt 0:00:00]} d5 {[%emt 0:00:00]} 2. e3 {[%emt 0:00:39]} Nf6 {[%emt 0:02:48]} 3. c4 {[%emt 0:01:07]} dxc4 {[%emt 0:01:05]} 4. Bxc4 {[%emt 0:00:30]} e6 {[%emt 0:01:37]} 5. O-O {[%emt 0:02:32]} c5 {[%emt 0:00:59]} 6. Nc3 {[%emt 0:02:08]} Be7 {[%emt 0:01:15]} 7. d4 {[%emt 0:00:31]} cxd4 {[%emt 0:00:27]} 8. exd4 {[%emt 0:00:52]} Nc6 {[%emt 0:00:28]} 9. Bg5 {[%emt 0:06:40]} O-O {[%emt 0:01:16]} 10. Re1 {[%emt 0:05:51]} a6 {[%emt 0:03:09]} 11. a4 {[%emt 0:13:59]} h6 {[%emt 0:18:11]} 12. Bh4 {[%emt 0:03:02]} Nh5 {[%emt 0:01:31]} 13. Bxe7 {[%emt 0:04:57]} Nxe7 {[%emt 0:00:02]} 14. Ne5 {[%emt 0:07:05]} Nf6 {[%emt 0:00:53]} 15. Qd3 {[%emt 0:10:56]} Bd7 {[%emt 0:19:52]} 16. Rad1 {[%emt 0:01:05]} Rc8 {[%emt 0:05:00]} 17. Ba2 {[%emt 0:01:33]} g6 {[%emt 0:05:25]} 18. Qf3 {[%emt 0:12:41]} Ned5 {[%emt 0:04:30]} 19. Nxd5 {[%emt 0:01:17]} Nxd5 {[%emt 0:00:30]} 20. Qh3 {[%emt 0:00:43]} Bxa4 {[%emt 0:04:26]} 21. b3 {[%emt 0:12:40]} Bb5 {[%emt 0:02:06]} 22. Qxh6 {[%emt 0:03:11]} Qf6 {[%emt 0:00:27]} 23. Rd2 {[%emt 0:04:38]} Rc3 {[%emt 0:02:28]} 24. Bb1 {[%emt 0:01:52]} Qf4 {[%emt 0:01:34]} 25. Qxf4 {[%emt 0:01:17]} Nxf4 {[%emt 0:00:01]} 26. g3 {[%emt 0:00:27]} Nd5 {[%emt 0:03:02]} 27. h4 {[%emt 0:00:29]} Rfc8 {[%emt 0:00:26]} 28. Kh2 {[%emt 0:00:39]} Rxb3 {[%emt 0:01:00]} 29. Ba2 {[%emt 0:00:36]} Rbc3 {[%emt 0:00:22]} 30. h5 {[%emt 0:00:29]} gxh5 {[%emt 0:00:23]} 31. Bb1 {[%emt 0:00:33]} Rc1 {[%emt 0:00:27]} 32. Rxc1 {[%emt 0:00:13]} Rxc1 {[%emt 0:00:01]} 33. Be4 {[%emt 0:00:01]} Kg7 {[%emt 0:00:50]} 34. Kh3 {[%emt 0:00:24]} f6 {[%emt 0:02:13]} 35. Nd3 {[%emt 0:01:15]} Bxd3 {[%emt 0:01:27]} 36. Bxd3 {[%emt 0:00:09]} b5 {[%emt 0:00:56]} 37. Be2 {[%emt 0:00:47]} f5 {[%emt 0:01:18]} 38. Kh4 {[%emt 0:00:39]} Kf6 {[%emt 0:01:40]} 39. Bf3 {[%emt 0:00:27]} b4 {[%emt 0:00:45]} 40. Kh3 {[%emt 0:00:34]} Rc3 {[%emt 0:00:35]} 41. Kg2 {[%emt 0:01:01]} b3 {[%emt 0:00:57]} 42. Bxh5 {[%emt 0:00:48]} Rc2 {[%emt 0:02:15]} 43. Rd3 {[%emt 0:00:32]} b2 {[%emt 0:00:17]} 44. Rb3 {[%emt 0:00:43]} Nc3 {[%emt 0:00:32]} 45. d5 {[%emt 0:01:11]} b1=Q {[%emt 0:00:32]} 0-1

[Event "Marienbad Open IM1 2020"]
[Site "Marianske Lazne"]
[Date "2020.01.22"]
[Round "6.10"]
[White "Steiner, Bruno"]
[Black "Roesemann, Rainer"]
[Result "0-1"]
[WhiteElo "2117"]
[BlackElo "2231"]
[Annotator "TA"]
[PlyCount "122"]
[EventDate "2020.01.18"]
[EventType "tourn"]
[EventCountry "CZE"]
[SourceTitle "playchess.com"]
[Source "ChessBase"]
[SourceQuality "1"]

{[%evp 11,122,10,10,6,10,0,32,25,25,2,0,0,18,0,6,0,8,0,0,0,0,0,0,0,0,-1,4,-28,-8,-107,-114,-126,-116,-152,-94,-92,-94,-95,-82,-96,0,0,0,0,0,0,0,0,1151,17,1279,56,618,9,9,11,9,0,0,-263,-267,-275,-271,-335,-305,-460,-332,-665,-645,-629,-564,-1065,-1062,-1031,-1023,-1039,-1014,-1820,-1694,-1487,-1452,-1286,-703,-681,-674,-12848,-854,-5289,-5289,-989,-772,-6303,-5551,-29981,-29981,-29988,-29989,-29989,-29988,-29989,-29987,-29991,-29975,-29986,-29987,-29986,-29987,-29989,-29990,-29990,-29991,-29991,-29992]} 1. e4 c6 2. c4 d5 3. exd5 cxd5 4. d4 Nf6 5. Nc3 Nc6 6. Nf3 Bg4 7. Bg5 {Black should prevent Bxf6. B13: Caro-Kann: Exchange Variation and Panov-Botvinnik Attack} (7. cxd5 Nxd5 8. Qb3 Bxf3 9. gxf3 e6 10. Qxb7 Nxd4 11. Bb5+ Nxb5 12. Qc6+ Ke7 13. Qxb5 Qd7 14. a4 a6 15. Nxd5+ Qxd5 16. Qe2 Kf6 17. Bd2 Bd6 18. Rd1 Ke7 19. Bc3 Qf5 20. Qe4 Qxe4+ 21. fxe4 {½-½ (21) Petrov,N (2585)-Shirov,A (2684) Arica 2019}) 7... Ne4 8. Be3 Nxc3 (8... e6 {is interesting.} 9. cxd5 Nxc3 10. bxc3 Qxd5 11. Be2 Be7) 9. bxc3 {[%cal Bb2c3,Bc3c4][%mdl 32] White is slightly better.} e6 10. cxd5 Qxd5 11. Be2 Be7 12. O-O O-O 13. c4 $146 ({Predecessor:} 13. h3 Bxf3 14. Bxf3 Qd7 {1-0 (35) Lagno,K (2523)-Muzychuk,A (2534) Reykjavik 2015}) 13... Qd6 14. h3 Bf5 15. Bd3 Bxd3 16. Qxd3 Rfd8 17. Rab1 b6 18. Rfd1 Rac8 19. Qd2 Na5 20. Bf4 (20. c5 $1 $11 Qd5 21. Qc2) 20... Qa3 $17 21. Qe2 Nxc4 22. Rb3 Qa4 (22... Qa5 $142 $1 23. Rbb1 Qd5) 23. d5 Na5 24. Rd4 Rc4 25. Rbd3 Bf6 (25... h6 $17) 26. Be5 $11 Bxe5 27. Qxe5 exd5 28. Rxd5 Re8 29. Rd8 Re4 $2 {[%mdl 8192]} (29... Rc1+ $11 30. Kh2 Rc8 31. Rxc8 Rxc8) 30. Qc7 $2 ({Only move:} 30. Rxe8+ $18 Qxe8 31. Qxe4 $1 {[%mdl 512]}) 30... Qxa2 $2 {[%mdl 8192]} (30... h6 $11) 31. R3d5 $2 (31. Rxe8+ $18 Rxe8 32. Rd8) 31... Qc4 $2 {[%mdl 8192]} (31... h6 $14) 32. Re5 $2 (32. Rxe8+ $1 $18 Rxe8 33. Rd8 $1 {[%mdl 512]} Qc1+ 34. Qxc1 Rxd8 35. Qc7 $1 {[%mdl 576] Double Attack}) 32... R4xe5 ({Worse is} 32... Qxc7 33. Rdxe8#) 33. Nxe5 {[%cal Rd8e8]} Qe6 ({Not} 33... Qxc7 34. Rxe8#) 34. Qb8 Kf8 $1 35. Nf3 $2 {[%mdl 8192]} (35. Qc7 $11 {and White has nothing to worry.} f6 36. Rxe8+ Qxe8 37. Qd6+ Kg8 38. Qd5+ Kf8 39. Qd6+ Qe7 40. Qb8+ Qe8 41. Qd6+) 35... Nc6 $19 {[%mdl 64] Double Attack} 36. Rxe8+ Qxe8 37. Qc7 h6 38. g3 (38. Qd6+ $142 Kg8 39. Qd3) 38... Kg8 39. Nh4 $2 (39. Qb7) 39... b5 {[%cal Bb6b5,Bb5b4,Bb4b3][%mdl 32]} 40. g4 g6 41. f4 b4 42. f5 g5 43. Nf3 b3 {White must now prevent ...b2.} 44. Qb7 Qe3+ 45. Kg2 Qe2+ 46. Kg3 Qc4 {Threatens to win with ...Kg7.} 47. f6 Kh7 48. Nd4 Qd3+ (48... Nxd4 $142 49. Qe4+ {[#]} Nf5+ $1 {[%mdl 512]} 50. Qxf5+ Kg8) 49. Kh2 Nd8 50. Qb4 Ne6 51. Qe7 Kg6 52. h4 gxh4 {Black mates.} 53. Nf5 Qe2+ 54. Kh1 Qxg4 55. Nd6 Qf3+ 56. Kh2 Qxf6 57. Qb7 Qf4+ 58. Kg2 Qxd6 59. Qe4+ f5 60. Qxh4 Qd2+ 61. Kf1 Qf4+ {Accuracy: White = 29%, Black = 53%.} 0-1

[Event "Marienbad Open IM1 2020"]
[Site "Marianske Lazne"]
[Date "2020.01.23"]
[Round "7.6"]
[White "Roesemann, Rainer"]
[Black "Plischki, Sebastian"]
[Result "1/2-1/2"]
[WhiteElo "2231"]
[BlackElo "2387"]
[Annotator "TA"]
[PlyCount "89"]
[EventDate "2020.01.18"]
[EventType "tourn"]
[EventCountry "CZE"]
[SourceTitle "playchess.com"]
[Source "ChessBase"]
[SourceQuality "1"]

{[%evp 15,89,0,30,12,14,9,8,9,12,-9,2,-66,-72,-68,-77,-72,-68,-66,-66,-206,-210,-273,-258,-333,-331,-327,-317,-320,-306,-320,-312,-370,-351,-391,-381,-405,-399,-414,-413,-425,-454,-470,-433,-488,-489,-532,-512,-505,-502,-653,-623,-755,-758,-1038,-1010,-1153,-1082,-1891,-1837,-1820,-1718,-2845,-2180,-1775,-538,-450,0,0,0,0,0,0,0,0,0,14]} 1. c4 Nf6 2. g3 g6 3. Bg2 Bg7 4. Nc3 O-O 5. e4 d6 6. Nge2 c5 7. d3 Nc6 8. O-O Bg4 9. f3 {A36: Symmetrical English vs ...g6: 4 Bg2 Bg7} Bd7 10. Be3 a6 11. a4 Rb8 (11... Rc8 12. h3 Ne8 13. f4 Nd4 14. Bf2 Nxe2+ 15. Qxe2 Nc7 16. a5 Ne6 17. e5 {0-1 (57) Fier,A (2549)-Shtembuliak,E (2548) Saint Louis 2019}) 12. Qd2 Ne8 13. d4 (13. Rab1 $11) 13... cxd4 $15 14. Nxd4 Na5 $1 15. Qd3 Rc8 16. b3 Bxd4 17. Qxd4 $146 (17. Bxd4 $15 Nxb3 18. Rab1 Nxd4 19. Qxd4) ({Predecessor:} 17. Bxd4 Nxb3 {½-½ (60) Chmiel,M (2237)-Wiewiora,E (2343) Pokrzywna 2018}) 17... Nxb3 $19 {[%mdl 64] [#] Double Attack} 18. Qd1 Nxa1 19. Nd5 Nf6 ({Not} 19... Rxc4 20. Bb6 $17) 20. Nb6 Rc6 21. a5 Be6 22. Qxa1 Bxc4 23. Rd1 Qc7 24. h4 Re8 25. g4 Nd7 26. Qb2 Nxb6 27. axb6 Qd7 ({Don't take} 27... Qd8 28. g5 $19) 28. h5 e5 29. Qf2 Qe6 30. Qh4 Bb3 31. Re1 a5 32. Kf2 a4 33. Rh1 a3 34. Bh3 a2 35. g5 Qe7 36. Bf5 gxf5 37. exf5 Ra8 38. f6 Qe6 39. g6 a1=Q 40. Rxa1 Rxa1 $2 (40... Rc2+ $19 41. Kg3 Rcc8 42. Rxa8 Rxa8) 41. gxh7+ $11 {The position is equal.} Kxh7 42. Qg5 {[%csl Gf6][%cal Rg5g7]} Rc2+ 43. Kg3 {[%csl Gf6][%cal Rg5g7] [#]} Qxf6 $1 44. Qxf6 {White threatens h6 and mate.} Raa2 $1 {( -> ...Rg2+)} 45. Qh6+ {Accuracy: White = 22%, Black = 94%.} 1/2-1/2

[Event "Marienbad Open IM1 2020"]
[Site "Marianske Lazne"]
[Date "2020.01.23"]
[Round "7.7"]
[White "Grabarczyk, Miroslaw"]
[Black "Steiner, Bruno"]
[Result "1-0"]
[WhiteElo "2366"]
[BlackElo "2117"]
[Annotator "TA"]
[PlyCount "79"]
[EventDate "2020.01.18"]
[EventType "tourn"]
[EventCountry "CZE"]
[SourceTitle "playchess.com"]
[Source "ChessBase"]
[SourceQuality "1"]

{[%evp 22,82,7,0,0,0,0,0,0,-7,-7,0,0,0,0,0,0,-5,0,0,0,0,38,44,45,35,114,112,170,78,133,37,52,59,50,50,114,50,42,45,89,86,88,95,96,83,104,102,137,133,136,139,682,673,836,696,1509,127,670,-693,134,114,256]} 1. d4 Nf6 2. Nf3 d5 3. g3 Bf5 4. Bg2 c6 5. O-O h6 6. c4 e6 7. Nc3 Nbd7 8. Nd2 Be7 9. e4 dxe4 10. Ndxe4 O-O 11. Be3 Nxe4 12. Nxe4 Nf6 {D11: Slav Defence: 3 Nf3 sidelines and 3...Nf6 4 e3 Bg4} 13. Nc3 (13. Nxf6+ Bxf6 14. Qb3 Qd7 15. Rfd1 Rac8 16. Rac1 Rfd8 17. Rd2 {½-½ (17) Sedlak,N (2608)-Indjic,A (2599) Niksic 2018}) 13... Qc7 14. h3 Rfd8 {The position is equal.} 15. Qb3 Rd7 16. Rac1 $146 ({Predecessor:} 16. Rfd1) 16... Qa5 17. Rfd1 Rad8 18. Kh2 Bg6 19. Rd2 Kf8 20. a3 Bd6 21. Kg1 Qh5 22. d5 exd5 23. cxd5 cxd5 (23... Be5 $14) 24. Bxa7 $16 {[%cal Rc3d5]} Bf5 (24... Be5 $16) 25. Qd1 (25. Nxd5 $18 {and White stays clearly on top.} Nxd5 26. Rxd5) 25... Qg6 {[#]} (25... Qxd1+ $142 26. Rcxd1 (26. Rdxd1 Be5 $14) 26... Be5) 26. Nb5 (26. Nxd5 Nxd5 27. Rxd5 Bxg3 $11) (26. Bb6 $1 $16 {[%cal Rb6d8]} Bc7 27. Bxc7 Rxc7 28. Nxd5 Rxc1 29. Qxc1 Nxd5 30. Rxd5 (30. Bxd5 Qd6 $16) 30... Rxd5 31. Bxd5) 26... Be5 27. Bd4 Bxd4 28. Rxd4 Be4 {[#]} (28... Ng8 $14) 29. Nc3 ({White should try} 29. f3 $1 $16) 29... Bxg2 30. Kxg2 Kg8 31. Qf3 Rd6 32. Rcd1 Qg5 33. Re1 R6d7 34. h4 Qg6 35. Red1 Qc2 36. R1d2 (36. Nxd5 $6 Nxd5 37. Rxd5 Rxd5 $11) 36... Qb3 $2 {[%mdl 8192]} (36... Qc1 $16 37. Re2 (37. Nxd5 Nxd5 38. Rxd5 Rxd5 $11) 37... h5) 37. Rb4 $18 Ne4 38. Re2 Qc2 39. Rd4 $2 (39. Rxc2 $18 {and the rest is easy.} Nf6 40. Rd4) 39... Qc1 $2 {[%mdl 8192]} (39... Qb3 $16) 40. Rd1 {Played: Re2-d2} 1-0

[Event "Marienbad Open IM1 2020"]
[Site "Marianske Lazne"]
[Date "2020.01.23"]
[Round "7.8"]
[White "Michalek, Jan"]
[Black "Sernecki, Franciszek"]
[Result "1/2-1/2"]
[WhiteElo "2251"]
[BlackElo "2204"]
[Annotator "TA"]
[PlyCount "44"]
[EventDate "2020.01.18"]
[EventType "tourn"]
[EventCountry "CZE"]
[SourceTitle "playchess.com"]
[Source "ChessBase"]
[SourceQuality "1"]

{[%evp 18,44,41,33,45,28,50,45,59,53,63,44,66,71,78,89,348,34,33,0,0,0,0,0,0,0,0,0,0]} 1. e4 c6 2. d4 d5 3. Nc3 dxe4 4. Nxe4 Nd7 5. Nf3 Ngf6 6. Nxf6+ Nxf6 7. Bc4 e6 8. O-O Be7 9. Qe2 O-O 10. Re1 c5 {B17: Caro-Kann: Modern Line (4...Nd7)} (10... b5 11. Bb3 a5 12. c3 Qb6 13. Ne5 c5 14. Be3 c4 15. Bc2 Bb7 16. Bg5 Qd8 17. a4 Rc8 18. axb5 {1-0 (31) Salov,S (2190)-Hewson,B (2060) Hersonissos 2017}) 11. Bg5 Qc7 12. Rad1 $146 ({Predecessor:} 12. c3 b6 13. d5 exd5 14. Bxf6 Bxf6 15. Bxd5 Bb7 16. Bxb7 Qxb7 17. Rad1 h6 18. Qb5 {½-½ (18) Fuchsgruber,H-Rosicki,H Bayern 1995}) 12... a6 {White is slightly better.} 13. dxc5 Qxc5 14. Ne5 b5 15. Qf3 Rb8 16. Bd3 h6 $2 {[%mdl 8192]} (16... Nd5 $16 {might work better.} 17. Bxe7 Nxe7) 17. Bf4 $2 (17. Bxf6 $1 $18 {White wants to mate with Qe4.} Bxf6 18. Qe4) 17... Bb7 $14 18. Qh3 (18. Qg3 $5 {[%cal Rf4h6]} Nh5 19. Nd7 $11) 18... Rbd8 $1 {The position is equal.} 19. Bxh6 gxh6 20. Qg3+ $1 (20. Qxh6 {[#]} Ne4 $1 $17 {[%mdl 512]}) 20... Kh8 {[#] And now ...Ne4! would win.} 21. Qf4 Kg7 {White must now prevent ...Rg8.} 22. Qg3+ $1 Kh8 {Accuracy: White = 58%, Black = 38%.} 1/2-1/2

[Event "Marienbad Open IM1 2020"]
[Site "Marianske Lazne"]
[Date "2020.01.23"]
[Round "7.9"]
[White "Vagman, Roy"]
[Black "Stigar, Petter"]
[Result "1/2-1/2"]
[WhiteElo "2089"]
[BlackElo "2217"]
[Annotator "TA"]
[PlyCount "35"]
[EventDate "2020.01.18"]
[EventType "tourn"]
[EventCountry "CZE"]
[SourceTitle "playchess.com"]
[Source "ChessBase"]
[SourceQuality "1"]

{[%evp 13,35,6,23,3,5,-24,-22,-37,-9,-51,-59,-51,-37,-39,-25,-31,-33,-33,0,-27,0,-31,0,-36]} 1. e4 e5 2. Nf3 Nf6 3. Nxe5 d6 4. Nf3 Nxe4 5. c4 Nc6 6. Nc3 Nxc3 7. dxc3 Be7 8. h3 {C42: Petroff Defence: 3 Nxe5 and unusual White 3rd moves} (8. Be3 O-O 9. Qd2 Bf5 10. Be2 Qd7 11. O-O Bf6 12. Rad1 Rad8 13. Nd4 Nxd4 14. Bxd4 Bxd4 15. cxd4 Rfe8 {½-½ (32) Khanin,S (2514)-Gelfand,B (2673) St Petersburg 2018}) 8... Bf5 9. Nd4 $146 (9. Bd3 {feels hotter.} Qd7 10. O-O O-O 11. Re1 Bf6 12. Qc2) ({Predecessor:} 9. Bd3 Bxd3 10. Qxd3 O-O 11. Bf4 Bf6 12. O-O-O Re8 13. c5 Be5 {0-1 (36) Sierra,M (2300)-Cornejo Perales,G (2172) Lima 2004}) 9... Nxd4 10. cxd4 O-O 11. Qf3 Qd7 12. Be2 Bf6 13. Be3 Rfe8 14. O-O Be4 15. Qg4 Bf5 16. Qf3 Be4 17. Qg4 Bf5 18. Qf3 1/2-1/2